66 knih Bible v kostce /

Hlavní autor: Kent, Paul
Další autoři: Knight, George R., 1941-, Svoboda, Oldřich, 1978-
Jazyk: Čeština
Vydáno: Praha : Advent-Orion, 2024
Vydání: Vydání první
Témata:
Fyzický popis: 141 stran ; 17 cm
Knihy
Uloženo v:
LEADER 02189nam a2200649 i 4500
001 nkc20243637690
003 CZ PrNK
005 20241120161138.0
007 ta
008 241015s2024 xr e f 000 0 cze
015 |a cnb003637690 
020 |a 978-80-7172-402-5  |q (brožováno) 
035 |a (OCoLC)1477945451 
040 |a BOA001  |b cze  |e rda 
041 1 |a cze  |h eng 
072 7 |a 2-23/-27  |x Bible. Biblistika  |2 Konspekt  |9 5 
080 |a 27-277.2  |2 MRF 
080 |a 27-278  |2 MRF 
080 |a 2-474-256-277  |2 MRF 
080 |a 2-231  |2 MRF 
080 |a 279.14-1/-9  |2 MRF 
080 |a (048.8)  |2 MRF 
080 |a (035)  |2 MRF 
100 1 |a Kent, Paul  |7 mzk20241241646  |4 aut 
240 1 0 |a Know your Bible.  |l Česky 
245 1 0 |a 66 knih Bible v kostce /  |c Paul Kent, George Knight ; překlad Oldřich Svoboda 
246 3 |a Šedesát šest knih Bible v kostce 
250 |a Vydání první 
264 1 |a Praha :  |b Advent-Orion,  |c 2024 
300 |a 141 stran ;  |c 17 cm 
336 |a text  |b txt  |2 rdacontent 
337 |a bez média  |b n  |2 rdamedia 
338 |a svazek  |b nc  |2 rdacarrier 
500 |a Přeloženo z angličtiny 
630 0 7 |a Bible  |7 unn2006374667  |2 czenas 
630 0 9 |a Bible  |2 eczenas 
650 0 7 |a biblická exegeze  |7 ph118844  |2 czenas 
650 0 7 |a biblická teologie  |7 ph118851  |2 czenas 
650 0 7 |a biblická interpretace  |7 ph118847  |2 czenas 
650 0 7 |a biblické citáty  |7 ph118853  |2 czenas 
650 0 7 |a učení adventismu  |7 ph139370  |2 czenas 
650 0 9 |a Biblical exegesis  |2 eczenas 
650 0 9 |a Biblical theology  |2 eczenas 
650 0 9 |a Biblical interpretation  |2 eczenas 
650 0 9 |a Biblical quotations  |2 eczenas 
650 0 9 |a Adventist doctrine  |2 eczenas 
655 7 |a přehledy  |7 fd133202  |2 czenas 
655 7 |a příručky  |7 fd133209  |2 czenas 
655 9 |a surveys  |2 eczenas 
655 9 |a handbooks and manuals  |2 eczenas 
700 1 |a Knight, George R.,  |d 1941-  |7 jn20020717058  |4 aut 
700 1 |a Svoboda, Oldřich,  |d 1978-  |7 jo20201073592  |4 trl 
910 2 |a BOA001  |b 1-1534.088 
990 |a BK 
995 |a 01 
991 |b 202411  |c NOV 
996 6 |b 2610983408  |c 1-1534.088  |l MZK  |r Sklad / do 1 hodiny  |n 0  |p p.v.  |w 001981384  |u 000010  |a 1  |e BOA001  |j MZK50  |s P